Einführung in die Wärmeübertragung /

Salvato in:
Dettagli Bibliografici
Autore principale: Schlünder, Ernst-Ulrich (Autore)
Natura: Libro
Lingua:tedesco
Pubblicazione: Braunschweig : Friedr.Vieweg & Sohn, 1989
Edizione:6.Auflage
Tags: Aggiungi Tag
Nessun Tag, puoi essere il primo ad aggiungerne!!

MARC

LEADER 00000nam a22000003a 4500
001 stu31329
005 20150617225735.9
008 931021s1989----gw------------------ger-d
020 |a 3-528-53314-5 
040 |a STU  |b slo 
041 0 |a ger 
044 |a gw 
080 |a 536.66 
100 1 |a Schlünder, Ernst-Ulrich  |4 aut 
245 1 |a Einführung in die Wärmeübertragung /  |c [aut.] Schlünder,Ernst-Ulrich 
250 |a 6.Auflage 
260 |a Braunschweig :  |b Friedr.Vieweg & Sohn,  |c 1989 
300 |a 228 s 
996 |b J87851  |c J*87851  |l JJST  |s P  |a 0  |w stu31329_0001